| 000 | 00498nam a2200181 4500 | ||
|---|---|---|---|
| 001 | 117860 | ||
| 003 | ES-MaACL | ||
| 005 | 20250728180145.0 | ||
| 007 | t| | ||
| 008 | 070214s1968 sp r ||||1| cat d | ||
| 245 | 0 | 0 |
_aPapitu (1908-1937) / _cLluís Solá. |
| 250 | _a1ª ed. | ||
| 260 |
_aBarcelona [etc.] : _bBruguera, _c1968. |
||
| 300 |
_a110 p. : _bil. ; _c18 cm. |
||
| 700 | 1 |
_aSolà i Dachs, Lluís, _d1932- _9107045 |
|
| 852 |
_aES-MaACL _jC-36833 _bR.68282 |
||
| 999 |
_c117860 _d117860 |
||